Loading...
| Literature - American | 2 | 2 | 2 | 1 | 40 | 28 | 75.75 | 2 | 4 | 0.00 | 0.00 |
| Literature - World | 1 | 2 | 0 | 1 | 35 | 39 | 86.33 | 3 | 3 | 0.00 | 0.00 |
| History - European | 0 | 3 | 0 | 1 | 30 | 90 | 103.67 | 1 | 3 | 0.00 | 0.00 |
| Pop Culture | 1 | 1 | 0 | 1 | 25 | 42 | 84.50 | 1 | 2 | 0.00 | 0.00 |
| Fine Arts - Auditory | 2 | 0 | 1 | 0 | 25 | 48 | 51.50 | 2 | 2 | 0.00 | 0.00 |
| Fine Arts - Visual | 1 | 1 | 1 | 0 | 20 | 35 | 71.50 | 1 | 2 | 0.00 | 0.00 |
| Social Science | 0 | 2 | 0 | 0 | 20 | 74 | 89.50 | 0 | 2 | 0.00 | 0.00 |
| History - World | 0 | 2 | 1 | 1 | 15 | 72 | 99.50 | 1 | 2 | 0.00 | 0.00 |
| History - American | 1 | 0 | 0 | 0 | 15 | 58 | 58.00 | 1 | 1 | 0.00 | 0.00 |
| Literature - European | 0 | 2 | 1 | 0 | 15 | 116 | 125.50 | 0 | 2 | 0.00 | 0.00 |
| Science - Physics | 0 | 1 | 0 | 0 | 10 | 80 | 80.00 | 1 | 1 | 0.00 | 0.00 |
| Religion | 0 | 1 | 0 | 0 | 10 | 107 | 107.00 | 0 | 0 | 0.00 | 0.00 |
| History - Other | 1 | 0 | 1 | 0 | 10 | 40 | 40.00 | 1 | 1 | 0.00 | 0.00 |
| Literature - British | 0 | 1 | 1 | 1 | 5 | 132 | 132.00 | 0 | 1 | 0.00 | 0.00 |
| Fine Arts - Other | 0 | 1 | 1 | 1 | 5 | 123 | 123.00 | 0 | 1 | 0.00 | 0.00 |
| Current Events | 0 | 1 | 1 | 0 | 5 | 96 | 96.00 | 0 | 1 | 0.00 | 0.00 |
| Philosophy | 0 | 1 | 1 | 0 | 5 | 92 | 92.00 | 1 | 1 | 0.00 | 0.00 |
| Science - Biology | 0 | 1 | 1 | 0 | 5 | 90 | 90.00 | 0 | 1 | 0.00 | 0.00 |
| Mythology | 0 | 0 | 2 | 0 | -10 | 0.00 | 0 | 0 | 0.00 | 0.00 |